logo

Bir Sreshtho Munshi Abdur Rouf Library
Jhenaidah Cadet College

বীরশ্রেষ্ঠ / (Record no. 12587)

MARC details
000 -LEADER
fixed length control field 00823nam a2200253 a 4500
001 - CONTROL NUMBER
JCCL Control Number 12587
003 - CONTROL NUMBER IDENTIFIER
JCCL marc code BD-JhCC
005 - DATE AND TIME OF LATEST TRANSACTION
control field 20220917104359.0
008 - FIXED-LENGTH DATA ELEMENTS--GENERAL INFORMATION
fixed length control field 220917s20082018bg |||| ||a| 000 0 b d
020 ## - INTERNATIONAL STANDARD BOOK NUMBER
International Standard Book Number 9847012002335
035 ## - SYSTEM CONTROL NUMBER
system control number (BD-JhCC)12587
040 ## - CATALOGING SOURCE
Original cataloging agency BD-JhCC
Modifying agency BD-JhCC
041 ## - LANGUAGE CODE
Language code of Book ben
082 ## - DEWEY DECIMAL CLASSIFICATION NUMBER
Classification number 923
Author mark and Year CHO 2018
100 ## - MAIN ENTRY--PERSONAL NAME
Personal name চৌধুরী, চন্দন
245 ## - TITLE STATEMENT
Title বীরশ্রেষ্ঠ /
Statement of responsibility, etc চন্দন চৌধুরী
260 ## - PUBLICATION, DISTRIBUTION, ETC. (IMPRINT)
Place of publication, distribution, etc ঢাকা :
Name of publisher, distributor, etc কথাপ্রকাশ;
Date of publication, distribution, etc ২০১৮.
300 ## - PHYSICAL DESCRIPTION
Pagination ৫৮ পৃ. :
Dimensions ২১ সেমি..
490 ## - SERIES STATEMENT
Series statement জীবনী গ্রন্থমালা
504 ## - BIBLIOGRAPHY, ETC. NOTE
Bibliography, etc গ্রন্থপঞ্জি অর্ন্তভূক্ত।
651 ## - SUBJECT ADDED ENTRY--GEOGRAPHIC NAME
Geographic name Biography of Martyrs
942 ## - ADDED ENTRY ELEMENTS (KOHA)
Source of classification or shelving scheme Dewey Decimal Classification
Koha item type Books
Holdings
Source of classification or shelving scheme Damaged status Not for loan Home library Current library Shelving location Date of accession Cost, normal purchase price Total Checkouts Full call number Barcode Date last seen Copy number Koha item type Method of acquisition Currency
Dewey Decimal Classification     JCC Rouf Library JCC Rouf Library General Stacks 09/17/2022 72.00   923 CHO 2018 17494 09/17/2022 C-1 Books    
Dewey Decimal Classification     JCC Rouf Library JCC Rouf Library General Stacks   70.00   923 CHO 2012 19338 05/14/2024 C-2 Books Purchase BDT

JCC Library | Contacts | JCC Home

Last Update on 23 September 2017
Copyright @ 2017-2020 JCC Rouf Library
Rouf Library, Jhenidah Cadet College (JCC), Bangladesh